[Event "Moscow Open RSSU Cup 2020"]
[Site "Moscow"]
[Date "2020.01.29"]
[Round "5.12"]
[White "Khegay, Dmitriy"]
[Black "Shinkevich, Vitaly"]
[Result "1/2-1/2"]
[WhiteElo "2533"]
[BlackElo "2442"]
[Annotator "ChessBase"]
[PlyCount "95"]
[EventDate "2020.01.25"]
[EventType "swiss"]
[EventCountry "RUS"]
[SourceTitle "playchess.com"]
[Source "ChessBase"]
[SourceQuality "1"]
[TimeControl "40/5400+30:1800+30"]

1. e4 {[%emt 0:00:00]} e5 {[%emt 0:00:45]} 2. Nf3 {[%emt 0:00:00]} Nc6 {[%emt 0:00:04]} 3. Bb5 {[%emt 0:00:00]} a6 {[%emt 0:01:01]} 4. Ba4 {[%emt 0:00:00]} Nf6 {[%emt 0:00:53]} 5. O-O {[%emt 0:00:00]} Be7 {[%emt 0:01:01]} 6. Re1 {[%emt 0:00:00]} b5 {[%emt 0:00:10]} 7. Bb3 {[%emt 0:00:04]} d6 {[%emt 0:00:29]} 8. c3 {[%emt 0:00:05]} O-O {[%emt 0:00:05]} 9. h3 {[%emt 0:00:03]} Nd7 {[%emt 0:01:17]} 10. d4 {[%emt 0:01:31]} Bf6 {[%emt 0:02:30]} 11. d5 {[%emt 0:05:24]} Ne7 {[%emt 0:01:48]} 12. a4 {[%emt 0:01:17]} Bb7 {[%emt 0:00:42]} 13. Na3 {[%emt 0:04:14]} Nc5 {[%emt 0:07:11]} 14. Bc2 {[%emt 0:00:26]} c6 {[%emt 0:01:14]} 15. b4 {[%emt 0:15:32]} Nxa4 {[%emt 0:04:18]} 16. Bxa4 {[%emt 0:04:19]} bxa4 {[%emt 0:00:03]} 17. c4 {[%emt 0:00:04]} cxd5 {[%emt 0:03:10]} 18. cxd5 {[%emt 0:00:04]} Rc8 {[%emt 0:00:32]} 19. Be3 {[%emt 0:02:26]} Ng6 {[%emt 0:00:42]} 20. Qxa4 {[%emt 0:01:21]} Nh4 {[%emt 0:00:38]} 21. Nxh4 {[%emt 0:10:19]} Bxh4 {[%emt 0:00:46]} 22. b5 {[%emt 0:00:12]} Qd7 {[%emt 0:04:34]} 23. Qb4 {[%emt 0:00:52]} a5 {[%emt 0:01:57]} 24. Qa4 {[%emt 0:13:11]} f5 {[%emt 0:00:40]} 25. exf5 {[%emt 0:00:07]} Bd8 {[%emt 0:00:12]} 26. Qe4 {[%emt 0:02:13]} Qxf5 {[%emt 0:04:44]} 27. Qxf5 {[%emt 0:12:48]} Rxf5 {[%emt 0:00:25]} 28. b6 {[%emt 0:01:15]} Bxd5 {[%emt 0:14:22]} 29. Nb5 {[%emt 0:00:10]} Rb8 {[%emt 0:10:04]} 30. Red1 {[%emt 0:10:26]} Bb3 {[%emt 0:01:26]} 31. Rxd6 {[%emt 0:00:07]} Rf6 {[%emt 0:03:15]} 32. Rxa5 {[%emt 0:05:57]} Bxb6 {[%emt 0:00:50]} 33. Bxb6 {[%emt 0:00:04]} Rxb6 {[%emt 0:00:22]} 34. Rxb6 {[%emt 0:00:11]} Rxb6 {[%emt 0:00:05]} 35. Nc3 {[%emt 0:00:11]} Re6 {[%emt 0:02:43]} 36. Ne4 {[%emt 0:00:06]} Re7 {[%emt 0:03:53]} 37. Ng5 {[%emt 0:00:42]} g6 {[%emt 0:00:51]} 38. Nf3 {[%emt 0:02:34]} e4 {[%emt 0:00:32]} 39. Ne5 {[%emt 0:00:02]} Kg7 {[%emt 0:02:24]} 40. Ng4 {[%emt 0:00:06]} Bf7 {[%emt 0:02:24]} 41. Ne3 {[%emt 0:30:07]} h5 {[%emt 0:35:30]} 42. g3 {[%emt 0:00:44]} Kf6 {[%emt 0:01:31]} 43. Kg2 {[%emt 0:00:13]} Be6 {[%emt 0:00:52]} 44. g4 {[%emt 0:00:17]} hxg4 {[%emt 0:00:54]} 45. hxg4 {[%emt 0:00:04]} g5 {[%emt 0:00:30]} 46. Kg3 {[%emt 0:00:52]} Rd7 {[%emt 0:00:40]} 47. Ra4 {[%emt 0:00:14]} Ke5 {[%emt 0:00:17]} 48. Ra5+ {[%emt 0:00:10]} 1/2-1/2

[Event "Moscow Open RSSU Cup 2020"]
[Site "Moscow"]
[Date "2020.01.29"]
[Round "5.13"]
[White "Nasyrova, Ekaterina"]
[Black "Osmak, Iulija"]
[Result "0-1"]
[WhiteElo "2208"]
[BlackElo "2394"]
[Annotator "NA"]
[PlyCount "74"]
[EventDate "2020.01.25"]
[EventType "swiss"]
[EventCountry "RUS"]
[SourceTitle "playchess.com"]
[Source "ChessBase"]
[SourceQuality "1"]
[TimeControl "40/5400+30:1800+30"]

1. Nf3 {[%emt 0:00:00]} Nf6 {[%emt 0:00:00]} 2. c4 {[%emt 0:00:00]} e6 {[%emt 0:00:00]} 3. e3 {[%emt 0:00:00]} b6 {[%emt 0:00:05]} 4. b3 {[%emt 0:00:31]} Bb7 {[%emt 0:01:25]} 5. Bb2 {[%emt 0:01:27]} Be7 {[%emt 0:00:46]} 6. g3 {[%emt 0:02:08]} d5 {[%emt 0:02:11]} 7. Bg2 {[%emt 0:01:05]} O-O {[%emt 0:03:32]} 8. O-O {[%emt 0:01:28]} c5 {[%emt 0:05:44]} 9. Nc3 {[%emt 0:01:18]} dxc4 {[%emt 0:04:16]} 10. bxc4 {[%emt 0:00:49]} Nc6 {[%emt 0:00:06]} 11. Qe2 {[%emt 0:00:47]} Rc8 {[%emt 0:01:33]} 12. Rad1 {[%emt 0:02:12]} Qc7 {[%emt 0:11:02]} 13. Ne1 {[%emt 0:03:25]} Rfd8 {[%emt 0:07:31]} 14. f4 {[%emt 0:01:36]} a6 $11 {[%emt 0:03:29]} 15. g4 {[%emt 0:04:35]} Ne8 {[%emt 0:03:34]} 16. g5 {[%emt 0:08:19]} Na5 {[%emt 0:05:31]} 17. Ne4 {[%emt 0:07:24]} Nd6 {[%emt 0:07:15]} 18. Nxd6 {[%emt 0:08:42]} Bxd6 {[%emt 0:00:54]} 19. Bxb7 {[%emt 0:02:52]} Qxb7 {[%emt 0:00:17]} 20. Bc3 {[%emt 0:00:30]} Nc6 {[%emt 0:06:06]} 21. Qh5 {[%emt 0:07:34]} Ne7 {[%emt 0:00:39]} 22. Rf3 {[%emt 0:01:08]} Ng6 {[%emt 0:07:50]} 23. Rh3 {[%emt 0:05:45]} Nf8 {[%emt 0:01:01]} 24. Nd3 {[%emt 0:00:32]} Qe4 {[%emt 0:04:07]} 25. Nf2 {[%emt 0:00:34]} Qg6 {[%emt 0:02:10]} 26. Qg4 {[%emt 0:07:46]} Be7 {[%emt 0:01:27]} 27. Qg2 {[%emt 0:08:35]} f5 {[%emt 0:02:27]} 28. Rb1 {[%emt 0:07:28]} Rb8 {[%emt 0:01:25]} 29. Be5 {[%emt 0:00:39]} Bd6 {[%emt 0:00:32]} 30. Nd3 {[%emt 0:04:01]} Qe8 {[%emt 0:00:15]} 31. Qe2 {[%emt 0:01:02]} Qa4 {[%emt 0:04:13]} 32. Bxd6 {[%emt 0:10:59]} Rxd6 {[%emt 0:01:20]} 33. Rc1 {[%emt 0:00:34]} Qxa2 {[%emt 0:04:14]} 34. e4 {[%emt 0:00:29]} fxe4 {[%emt 0:01:25]} 35. Qxe4 {[%emt 0:00:10]} Qxd2 {[%emt 0:00:09]} 36. Re1 {[%emt 0:00:53]} Rd4 {[%emt 0:01:28]} 37. Qe3 {[%emt 0:00:33]} Rxd3 {[%emt 0:00:31]} 0-1

[Event "Moscow Open RSSU Cup 2020"]
[Site "Moscow"]
[Date "2020.01.29"]
[Round "5.14"]
[White "Bodnaruk, Anastasia"]
[Black "Kovanova, Baira"]
[Result "1-0"]
[WhiteElo "2411"]
[BlackElo "2335"]
[Annotator "NA"]
[PlyCount "111"]
[EventDate "2020.01.25"]
[EventType "swiss"]
[EventCountry "RUS"]
[SourceTitle "playchess.com"]
[Source "ChessBase"]
[SourceQuality "1"]
[TimeControl "40/5400+30:1800+30"]

1. e4 {[%emt 0:00:00]} e5 {[%emt 0:00:00]} 2. Nf3 {[%emt 0:00:00]} Nc6 {[%emt 0:00:00]} 3. Bb5 {[%emt 0:00:00]} a6 {[%emt 0:00:00]} 4. Ba4 {[%emt 0:00:00]} Nf6 {[%emt 0:00:00]} 5. O-O {[%emt 0:00:09]} Be7 {[%emt 0:00:00]} 6. Re1 {[%emt 0:00:19]} b5 {[%emt 0:00:00]} 7. Bb3 {[%emt 0:00:03]} d6 {[%emt 0:00:02]} 8. c3 {[%emt 0:00:27]} O-O {[%emt 0:00:06]} 9. h3 {[%emt 0:00:07]} Nb8 {[%emt 0:00:20]} 10. d4 {[%emt 0:01:24]} Nbd7 {[%emt 0:00:06]} 11. Nbd2 {[%emt 0:10:18]} Bb7 {[%emt 0:01:21]} 12. Bc2 {[%emt 0:02:17]} Re8 {[%emt 0:00:05]} 13. a4 {[%emt 0:03:48]} Bf8 {[%emt 0:00:08]} 14. Bd3 {[%emt 0:01:16]} c6 {[%emt 0:00:11]} 15. b3 {[%emt 0:01:49]} g6 {[%emt 0:00:15]} 16. Bb2 {[%emt 0:00:53]} Rc8 {[%emt 0:01:11]} 17. Qc2 {[%emt 0:08:53]} Nh5 {[%emt 0:00:52]} 18. Bf1 {[%emt 0:05:41]} Bg7 {[%emt 0:03:09]} 19. g3 {[%emt 0:07:31]} Qb6 $11 {[%emt 0:02:17]} 20. Qd3 {[%emt 0:25:53]} d5 {[%emt 0:16:21]} 21. exd5 {[%emt 0:05:46]} cxd5 {[%emt 0:05:11]} 22. axb5 {[%emt 0:02:15]} e4 {[%emt 0:17:15]} 23. Qe2 {[%emt 0:00:05]} a5 {[%emt 0:01:45]} 24. Nh4 {[%emt 0:02:39]} e3 {[%emt 0:16:03]} 25. Ndf3 {[%emt 0:02:36]} Ndf6 {[%emt 0:00:34]} 26. Ne5 {[%emt 0:03:43]} exf2+ {[%emt 0:11:47]} 27. Qxf2 {[%emt 0:00:10]} Ne4 {[%emt 0:02:00]} 28. Rxe4 {[%emt 0:13:11]} dxe4 {[%emt 0:00:42]} 29. Nc4 {[%emt 0:01:41]} Qc7 {[%emt 0:02:27]} 30. Kh2 {[%emt 0:01:08]} Bh6 {[%emt 0:03:48]} 31. b6 {[%emt 0:00:26]} Qe7 {[%emt 0:02:20]} 32. Ne3 {[%emt 0:00:45]} Qd6 {[%emt 0:04:49]} 33. Nhg2 {[%emt 0:00:40]} Qxb6 {[%emt 0:00:54]} 34. Bc4 {[%emt 0:00:30]} Qc7 {[%emt 0:01:50]} 35. Rf1 {[%emt 0:00:25]} Re7 {[%emt 0:00:27]} 36. Bc1 {[%emt 0:00:34]} Bg7 {[%emt 0:03:15]} 37. Ba3 {[%emt 0:00:34]} Rd7 {[%emt 0:00:10]} 38. Bc5 {[%emt 0:00:27]} Re8 {[%emt 0:03:01]} 39. Be2 {[%emt 0:00:18]} Nf6 {[%emt 0:00:28]} 40. Nf4 {[%emt 0:00:08]} Nd5 {[%emt 0:00:52]} 41. Nfxd5 {[%emt 0:31:00]} Bxd5 {[%emt 0:30:03]} 42. Bb5 {[%emt 0:00:36]} Bc6 {[%emt 0:00:33]} 43. Bc4 {[%emt 0:00:17]} h5 {[%emt 0:00:13]} 44. h4 {[%emt 0:00:21]} Rb8 {[%emt 0:00:46]} 45. Qe2 {[%emt 0:00:38]} Kh7 {[%emt 0:01:30]} 46. Kh3 {[%emt 0:00:54]} Qb7 {[%emt 0:01:24]} 47. g4 {[%emt 0:00:00]} hxg4+ {[%emt 0:00:45]} 48. Qxg4 {[%emt 0:00:18]} Bb5 {[%emt 0:00:39]} 49. h5 {[%emt 0:00:37]} Bxc4 {[%emt 0:00:29]} 50. bxc4 {[%emt 0:00:47]} Qc6 {[%emt 0:00:25]} 51. hxg6+ {[%emt 0:00:37]} fxg6 {[%emt 0:00:32]} 52. Kg3 {[%emt 0:00:32]} Qc7+ {[%emt 0:00:41]} 53. Kh3 {[%emt 0:00:23]} Rf7 {[%emt 0:00:42]} 54. Bd6 {[%emt 0:00:34]} Rxf1 {[%emt 0:01:33]} 55. Bxc7 {[%emt 0:00:11]} Rf3+ {[%emt 0:00:05]} 56. Qxf3 {[%emt 0:00:39]} 1-0

[Event "Moscow Open RSSU Cup 2020"]
[Site "Moscow"]
[Date "2020.01.29"]
[Round "5.16"]
[White "Gritsayeva, Oksana"]
[Black "Bykova, Anastasia"]
[Result "1/2-1/2"]
[WhiteElo "2383"]
[BlackElo "2247"]
[Annotator "NA"]
[PlyCount "167"]
[EventDate "2020.01.25"]
[EventType "swiss"]
[EventCountry "RUS"]
[SourceTitle "playchess.com"]
[Source "ChessBase"]
[SourceQuality "1"]
[TimeControl "40/5400+30:1800+30"]

1. e4 {[%emt 0:00:00]} c6 {[%emt 0:00:00]} 2. Nc3 {[%emt 0:00:00]} d5 {[%emt 0:00:00]} 3. Nf3 {[%emt 0:00:00]} dxe4 {[%emt 0:00:00]} 4. Nxe4 {[%emt 0:00:00]} Nf6 {[%emt 0:00:00]} 5. Nxf6+ {[%emt 0:01:32]} exf6 {[%emt 0:00:00]} 6. Bc4 {[%emt 0:03:04]} Bd6 {[%emt 0:00:33]} 7. Qe2+ {[%emt 0:01:18]} Qe7 {[%emt 0:00:05]} 8. Qxe7+ {[%emt 0:00:29]} Kxe7 {[%emt 0:00:03]} 9. O-O {[%emt 0:00:47]} Re8 {[%emt 0:00:34]} 10. Re1+ {[%emt 0:04:50]} Kf8 {[%emt 0:00:09]} 11. Rxe8+ {[%emt 0:00:11]} Kxe8 {[%emt 0:00:06]} 12. d4 {[%emt 0:01:51]} Bg4 {[%emt 0:01:58]} 13. Nd2 {[%emt 0:01:29]} Bf5 {[%emt 0:00:40]} 14. Bb3 {[%emt 0:00:13]} Nd7 {[%emt 0:05:51]} 15. Nc4 {[%emt 0:00:55]} Bc7 {[%emt 0:00:24]} 16. Ne3 {[%emt 0:00:57]} Be4 {[%emt 0:10:11]} 17. Bd2 {[%emt 0:02:19]} a5 $14 {[%emt 0:18:04]} 18. a4 {[%emt 0:04:31]} Kf8 {[%emt 0:02:22]} 19. f3 {[%emt 0:02:28]} Bg6 {[%emt 0:00:20]} 20. Nc4 {[%emt 0:01:22]} b6 {[%emt 0:07:20]} 21. Kf2 {[%emt 0:09:55]} f5 {[%emt 0:02:34]} 22. g3 {[%emt 0:01:51]} Rd8 {[%emt 0:08:55]} 23. Rd1 {[%emt 0:02:27]} f6 {[%emt 0:01:39]} 24. Na3 {[%emt 0:05:13]} Bf7 {[%emt 0:04:29]} 25. Bxf7 {[%emt 0:00:12]} Kxf7 {[%emt 0:00:02]} 26. Nc4 {[%emt 0:03:16]} Nf8 {[%emt 0:01:27]} 27. Bf4 {[%emt 0:02:58]} Bxf4 {[%emt 0:01:06]} 28. gxf4 {[%emt 0:00:07]} Ne6 {[%emt 0:02:27]} 29. Nxb6 {[%emt 0:01:55]} Nxf4 {[%emt 0:04:45]} 30. Nc4 {[%emt 0:00:39]} Ra8 {[%emt 0:07:40]} 31. b3 {[%emt 0:02:46]} g6 {[%emt 0:01:14]} 32. Re1 {[%emt 0:03:13]} Ne6 {[%emt 0:02:57]} 33. Ke3 {[%emt 0:02:24]} f4+ {[%emt 0:00:24]} 34. Kd3 {[%emt 0:01:31]} Rd8 {[%emt 0:00:56]} 35. c3 {[%emt 0:04:11]} Rd5 {[%emt 0:01:12]} 36. Nd2 {[%emt 0:01:34]} g5 {[%emt 0:05:05]} 37. Kc4 {[%emt 0:03:57]} h5 {[%emt 0:00:30]} 38. b4 {[%emt 0:07:00]} axb4 {[%emt 0:00:12]} 39. Kxb4 {[%emt 0:00:17]} g4 {[%emt 0:00:39]} 40. Rg1 {[%emt 0:01:06]} f5 {[%emt 0:01:02]} 41. Nc4 {[%emt 0:31:12]} Kf6 {[%emt 0:33:51]} 42. Ne5 {[%emt 0:02:15]} c5+ {[%emt 0:02:13]} 43. Kc4 {[%emt 0:00:05]} Rd8 {[%emt 0:01:25]} 44. Nc6 {[%emt 0:01:16]} Rd6 {[%emt 0:00:51]} 45. d5 {[%emt 0:01:10]} Nc7 {[%emt 0:00:31]} 46. Kxc5 {[%emt 0:01:27]} Rxd5+ {[%emt 0:00:04]} 47. Kb6 {[%emt 0:00:07]} Ne6 {[%emt 0:01:16]} 48. a5 {[%emt 0:02:00]} Rd6 {[%emt 0:01:30]} 49. Kb5 {[%emt 0:04:57]} Rd5+ {[%emt 0:00:03]} 50. Kb4 {[%emt 0:02:45]} Rd6 {[%emt 0:01:15]} 51. Na7 {[%emt 0:00:54]} Nc7 {[%emt 0:02:30]} 52. c4 {[%emt 0:00:54]} Rd3 {[%emt 0:00:19]} 53. Kc5 {[%emt 0:00:55]} Ra3 {[%emt 0:02:14]} 54. Nc6 {[%emt 0:01:36]} gxf3 {[%emt 0:00:31]} 55. Kb6 {[%emt 0:01:17]} Ne6 {[%emt 0:00:15]} 56. Nb4 {[%emt 0:03:32]} Nd4 {[%emt 0:00:45]} 57. a6 {[%emt 0:01:22]} Ra4 {[%emt 0:00:26]} 58. Nd5+ {[%emt 0:01:01]} Ke5 {[%emt 0:00:01]} 59. a7 {[%emt 0:00:40]} Kd6 {[%emt 0:01:01]} 60. Nc7 {[%emt 0:01:21]} Rb4+ {[%emt 0:00:16]} 61. Nb5+ {[%emt 0:00:21]} Nxb5 {[%emt 0:00:11]} 62. cxb5 {[%emt 0:00:51]} Ra4 {[%emt 0:00:02]} 63. Rf1 {[%emt 0:00:18]} Ke5 {[%emt 0:00:19]} 64. Kb7 {[%emt 0:00:47]} Ke4 {[%emt 0:00:07]} 65. b6 {[%emt 0:00:18]} Ke3 {[%emt 0:00:26]} 66. a8=Q {[%emt 0:00:07]} Rxa8 {[%emt 0:00:03]} 67. Kxa8 {[%emt 0:00:10]} Ke2 {[%emt 0:00:16]} 68. Ra1 {[%emt 0:00:37]} f2 {[%emt 0:00:03]} 69. b7 {[%emt 0:00:18]} f1=Q {[%emt 0:00:05]} 70. Rxf1 {[%emt 0:00:07]} Kxf1 {[%emt 0:00:02]} 71. b8=Q {[%emt 0:00:07]} f3 {[%emt 0:00:06]} 72. Qf4 {[%emt 0:01:29]} f2 {[%emt 0:00:51]} 73. Qf3 {[%emt 0:02:27]} h4 {[%emt 0:01:51]} 74. Qxf5 {[%emt 0:01:19]} Kg2 {[%emt 0:00:48]} 75. Qc2 {[%emt 0:01:27]} Kg1 {[%emt 0:00:36]} 76. Qc5 {[%emt 0:00:21]} Kg2 {[%emt 0:00:18]} 77. Qg5+ {[%emt 0:00:45]} Kxh2 {[%emt 0:00:37]} 78. Qf4+ {[%emt 0:00:22]} Kg2 {[%emt 0:00:21]} 79. Qg4+ {[%emt 0:00:05]} Kh2 {[%emt 0:00:35]} 80. Qxh4+ {[%emt 0:00:39]} Kg2 {[%emt 0:00:06]} 81. Qg4+ {[%emt 0:00:04]} Kh2 {[%emt 0:00:12]} 82. Qf3 {[%emt 0:00:04]} Kg1 {[%emt 0:00:03]} 83. Qg3+ {[%emt 0:00:05]} Kh1 {[%emt 0:00:05]} 84. Qxf2 {[%emt 0:00:04]} 1/2-1/2

[Event "Moscow Open RSSU Cup 2020"]
[Site "Moscow"]
[Date "2020.01.29"]
[Round "5.17"]
[White "Protopopova, Anastasiya"]
[Black "Guseva, Marina"]
[Result "0-1"]
[WhiteElo "2233"]
[BlackElo "2379"]
[Annotator "NA"]
[PlyCount "128"]
[EventDate "2020.01.25"]
[EventType "swiss"]
[EventCountry "RUS"]
[SourceTitle "playchess.com"]
[Source "ChessBase"]
[SourceQuality "1"]
[TimeControl "40/5400+30:1800+30"]

1. d4 {[%emt 0:00:00]} Nf6 {[%emt 0:00:06]} 2. c4 {[%emt 0:00:00]} e6 {[%emt 0:00:03]} 3. g3 {[%emt 0:00:00]} d5 {[%emt 0:00:09]} 4. Bg2 {[%emt 0:00:00]} Bb4+ {[%emt 0:00:05]} 5. Bd2 {[%emt 0:00:24]} Be7 {[%emt 0:00:22]} 6. Nf3 {[%emt 0:00:26]} O-O {[%emt 0:00:08]} 7. O-O {[%emt 0:00:05]} c6 {[%emt 0:00:07]} 8. Qc2 {[%emt 0:00:19]} Nbd7 {[%emt 0:00:10]} 9. a4 {[%emt 0:05:11]} b6 {[%emt 0:06:47]} 10. a5 {[%emt 0:02:12]} Ba6 {[%emt 0:00:08]} 11. b3 {[%emt 0:02:00]} Ne4 {[%emt 0:03:14]} 12. Ne5 {[%emt 0:05:33]} Nxe5 {[%emt 0:02:33]} ({Reject} 12... Nxd2 $6 13. Nxc6 Nxb3 {[%mdl 64] Double Attack} 14. Nxd8 $16) 13. Bxe4 {[%emt 0:00:20]} Ng6 $11 {[%emt 0:09:22]} 14. Bf3 {[%emt 0:18:32]} dxc4 {[%emt 0:02:57]} 15. Bc3 {[%emt 0:02:03]} Qd7 {[%emt 0:16:57]} 16. Nd2 {[%emt 0:06:56]} cxb3 {[%emt 0:00:24]} 17. Qxb3 {[%emt 0:01:50]} Bb5 {[%emt 0:01:49]} 18. Nc4 {[%emt 0:02:05]} Rab8 {[%emt 0:04:33]} 19. axb6 {[%emt 0:08:26]} axb6 {[%emt 0:00:06]} 20. Na3 {[%emt 0:02:31]} Bxa3 {[%emt 0:01:42]} 21. Qxa3 {[%emt 0:00:22]} Ne7 {[%emt 0:03:40]} 22. Rfd1 {[%emt 0:07:10]} Nd5 {[%emt 0:02:25]} 23. Be1 {[%emt 0:00:28]} f5 {[%emt 0:03:34]} 24. e3 {[%emt 0:00:41]} h6 {[%emt 0:05:12]} 25. Bg2 {[%emt 0:01:07]} Kh7 {[%emt 0:01:08]} 26. Rdc1 {[%emt 0:05:01]} Rfd8 {[%emt 0:01:41]} 27. Ra2 {[%emt 0:04:10]} Qe8 {[%emt 0:00:10]} 28. Rca1 {[%emt 0:04:00]} Bc4 {[%emt 0:00:35]} 29. Rc2 {[%emt 0:00:18]} Ra8 {[%emt 0:01:00]} 30. Qb2 {[%emt 0:00:21]} Rxa1 {[%emt 0:00:54]} 31. Qxa1 {[%emt 0:00:02]} Ra8 {[%emt 0:00:31]} 32. Qc1 {[%emt 0:00:18]} b5 {[%emt 0:00:17]} 33. f3 {[%emt 0:01:42]} Qe7 {[%emt 0:03:18]} 34. Rb2 {[%emt 0:07:55]} Qa3 {[%emt 0:03:02]} 35. Bd2 {[%emt 0:01:00]} Qd3 {[%emt 0:01:07]} 36. Bf1 {[%emt 0:03:01]} Qxf1+ {[%emt 0:00:12]} 37. Qxf1 {[%emt 0:00:01]} Bxf1 {[%emt 0:00:06]} 38. Kxf1 {[%emt 0:00:02]} Nb6 {[%emt 0:04:26]} 39. Ke2 {[%emt 0:00:06]} Nc4 {[%emt 0:00:35]} 40. Rc2 {[%emt 0:00:05]} Kg6 {[%emt 0:02:05]} 41. e4 {[%emt 0:30:22]} Ra1 {[%emt 0:35:15]} 42. Bc1 {[%emt 0:00:53]} Rb1 {[%emt 0:03:27]} 43. Rc3 {[%emt 0:00:40]} Kf7 {[%emt 0:00:38]} 44. g4 {[%emt 0:01:07]} fxe4 {[%emt 0:01:04]} 45. fxe4 {[%emt 0:00:04]} Ke7 {[%emt 0:00:15]} 46. Kd1 {[%emt 0:04:06]} Ra1 {[%emt 0:00:51]} 47. h4 {[%emt 0:00:59]} Ra2 {[%emt 0:04:02]} 48. Rc2 {[%emt 0:00:30]} Ra8 {[%emt 0:04:28]} 49. h5 {[%emt 0:01:18]} Rd8 {[%emt 0:00:18]} 50. Ke2 {[%emt 0:04:17]} Rxd4 {[%emt 0:00:14]} 51. Kf3 {[%emt 0:01:02]} Kf6 {[%emt 0:02:09]} 52. Bf4 {[%emt 0:02:24]} e5 {[%emt 0:00:30]} 53. Bc1 {[%emt 0:00:12]} Rd3+ {[%emt 0:01:32]} 54. Kf2 {[%emt 0:00:14]} Rd1 {[%emt 0:00:36]} 55. Kf3 {[%emt 0:00:44]} Rd3+ {[%emt 0:01:30]} 56. Kg2 {[%emt 0:00:03]} Ke6 {[%emt 0:00:18]} 57. g5 {[%emt 0:00:12]} hxg5 {[%emt 0:00:06]} 58. Bxg5 {[%emt 0:00:08]} c5 {[%emt 0:02:44]} 59. h6 {[%emt 0:00:49]} gxh6 {[%emt 0:00:06]} 60. Bxh6 {[%emt 0:00:03]} Kd6 {[%emt 0:00:26]} 61. Bf8+ {[%emt 0:00:13]} Kc6 {[%emt 0:00:11]} 62. Rc1 {[%emt 0:00:57]} Re3 {[%emt 0:00:46]} 63. Rf1 {[%emt 0:00:13]} Rxe4 {[%emt 0:00:15]} 64. Rf6+ {[%emt 0:00:14]} Kd5 {[%emt 0:00:04]} 0-1

[Event "Moscow Open RSSU Cup 2020"]
[Site "Moscow"]
[Date "2020.01.30"]
[Round "6.1"]
[White "Martinez Alcantara, Jose Eduardo"]
[Black "Bykov, Egor"]
[Result "1/2-1/2"]
[WhiteElo "2606"]
[BlackElo "2384"]
[Annotator "RC"]
[PlyCount "84"]
[EventDate "2020.01.25"]
[EventType "swiss"]
[EventCountry "RUS"]
[SourceTitle "playchess.com"]
[Source "ChessBase"]
[SourceQuality "1"]
[TimeControl "40/5400+30:1800+30"]

1. e4 {[%emt 0:01:31]} e5 {[%emt 0:00:00]} 2. Nf3 {[%emt 0:00:41]} Nc6 {[%emt 0:00:00]} 3. Bb5 {[%emt 0:00:03]} a6 {[%emt 0:00:00]} 4. Ba4 {[%emt 0:00:02]} Nf6 {[%emt 0:00:00]} 5. O-O {[%emt 0:00:03]} Be7 {[%emt 0:00:03]} 6. Re1 {[%emt 0:00:03]} b5 {[%emt 0:00:09]} 7. Bb3 {[%emt 0:00:04]} d6 {[%emt 0:00:07]} 8. c3 {[%emt 0:00:04]} O-O {[%emt 0:00:08]} 9. h3 {[%emt 0:00:01]} Re8 {[%emt 0:01:05]} 10. d4 {[%emt 0:02:42]} Bb7 {[%emt 0:00:27]} 11. Nbd2 {[%emt 0:00:33]} exd4 {[%emt 0:00:57]} 12. cxd4 {[%emt 0:00:02]} Nd7 {[%emt 0:00:40]} 13. Nf1 {[%emt 0:00:26]} Na5 {[%emt 0:00:45]} 14. Bc2 {[%emt 0:00:01]} Bf6 {[%emt 0:00:42]} 15. Ng3 {[%emt 0:02:47]} g6 {[%emt 0:01:17]} 16. Rb1 {[%emt 0:11:04]} c5 {[%emt 0:02:04]} 17. d5 {[%emt 0:00:05]} Nc4 {[%emt 0:02:02]} 18. b3 {[%emt 0:00:02]} Ncb6 {[%emt 0:01:11]} 19. Bf4 {[%emt 0:05:01]} Ne5 {[%emt 0:03:16]} 20. Nxe5 {[%emt 0:00:58]} Bxe5 {[%emt 0:00:35]} 21. Bxe5 {[%emt 0:00:02]} Rxe5 {[%emt 0:03:16]} 22. a4 {[%emt 0:03:21]} Qh4 {[%emt 0:06:28]} 23. Qd2 {[%emt 0:02:21]} b4 {[%emt 0:11:33]} 24. Kh2 {[%emt 0:02:51]} Rae8 {[%emt 0:15:19]} 25. f4 {[%emt 0:07:03]} R5e7 {[%emt 0:00:08]} 26. Qf2 {[%emt 0:00:01]} f5 {[%emt 0:22:13]} 27. a5 {[%emt 0:03:27]} Nd7 {[%emt 0:02:29]} 28. exf5 {[%emt 0:00:08]} Nf6 {[%emt 0:01:22]} 29. Kg1 {[%emt 0:07:47]} Rxe1+ {[%emt 0:02:54]} 30. Rxe1 {[%emt 0:00:10]} Rxe1+ {[%emt 0:00:10]} 31. Qxe1 {[%emt 0:00:02]} Bxd5 {[%emt 0:00:50]} 32. Qe3 {[%emt 0:11:41]} Bf7 {[%emt 0:00:32]} 33. Be4 {[%emt 0:09:02]} d5 {[%emt 0:07:26]} 34. Bd3 {[%emt 0:00:02]} c4 {[%emt 0:01:35]} 35. Bf1 {[%emt 0:01:53]} d4 {[%emt 0:02:26]} 36. Qxd4 {[%emt 0:01:00]} Qxg3 {[%emt 0:00:21]} 37. Qxf6 {[%emt 0:00:06]} Qe3+ {[%emt 0:00:32]} 38. Kh1 {[%emt 0:00:01]} Qxf4 {[%emt 0:00:12]} 39. Bxc4 {[%emt 0:01:34]} Qc1+ {[%emt 0:03:14]} 40. Kh2 {[%emt 0:00:04]} Qf4+ {[%emt 0:00:24]} 41. Kg1 {[%emt 0:30:17]} Qe3+ {[%emt 0:31:00]} 42. Kh1 {[%emt 0:04:38]} Qc1+ {[%emt 0:00:06]} 1/2-1/2

[Event "Moscow Open RSSU Cup 2020"]
[Site "Moscow"]
[Date "2020.01.30"]
[Round "6.2"]
[White "Tsydypov, Zhamsaran"]
[Black "Sychev, Klementy"]
[Result "1-0"]
[WhiteElo "2553"]
[BlackElo "2563"]
[Annotator "TA"]
[PlyCount "77"]
[EventDate "2020.01.25"]
[EventType "swiss"]
[EventCountry "RUS"]
[SourceTitle "playchess.com"]
[Source "ChessBase"]
[SourceQuality "1"]

{[%evp 19,77,16,16,12,8,16,14,0,-3,-29,-19,-45,-43,-45,-49,-45,-35,-36,-36,-61,14,0,0,-53,0,-18,69,65,69,69,66,75,68,69,108,109,109,110,107,108,108,117,478,461,471,0,0,0,0,0,0,0,0,0,0,0,0,0,1840,1787]} 1. d4 Nf6 2. c4 g6 3. Nc3 d5 4. cxd5 Nxd5 5. e4 Nxc3 6. bxc3 Bg7 7. Bc4 c5 8. Ne2 Nc6 9. Be3 O-O 10. O-O e6 11. dxc5 {D87: Exchange Grünfeld: Classical Line: Variations without ...cxd4} Qa5 12. f4 Rd8 $1 {[%cal Rd8d1] [#]} 13. Qb1 $1 $146 {[%mdl 8] The position is equal. A relevant novelty.} ({Predecessor:} 13. Qe1 Qa4 14. Bb3 Qxe4 15. Ng3 Qd3 16. Rd1 Qxc3 17. Rxd8+ Nxd8 18. Qxc3 Bxc3 19. Ne4 {½-½ (33) Laznicka,V (2681)-Navara,D (2722) Novy Bor 2011}) 13... Bf8 14. Qb5 Bd7 15. Rab1 Qc7 16. Qb2 Na5 17. Bd3 Bxc5 18. Bd4 Rac8 19. Kh1 b6 ({Better is} 19... Bc6 $15) 20. Ba6 Rb8 {Hoping for ...b5.} 21. Bf6 (21. Be5 $1 $11 Bd6 22. Bf6) 21... Re8 (21... b5 $15 22. a4 (22. Bxd8 Rxd8 23. Nd4 Nc4 $11) 22... Nc4) 22. c4 Bc6 (22... Be7 $11) 23. Rbd1 $1 $14 Bxe4 24. Be5 {[#]} Qc6 $1 {[%csl Gc6][%cal Re4g2][%mdl 512]} 25. Ng3 {Black must now prevent Qe2.} Qa8 26. Bb5 Bb7 27. Bxb8 Rxb8 28. f5 $1 {[%cal Rf5e6]} exf5 {[#]} 29. Nxf5 $1 {[%mdl 512]} gxf5 30. Rd3 {[#]} Be4 $2 {[%mdl 8192]} (30... Bxg2+ $1 $16 {is a better chance.} 31. Qxg2+ Qxg2+ 32. Kxg2 Ra8) 31. Rg3+ $18 Kf8 32. Rd1 $2 $40 {[%mdl 128] White is up to no good.} (32. Qh8+ $18 Ke7 33. Qe5+ Kf8 34. Qf6) 32... Rd8 $11 {[%cal Rd8d1]} 33. Qg7+ Ke7 {[%cal Rd8d1]} 34. Qg5+ f6 {[%cal Rd8d1]} 35. Qg7+ Ke6 {[%cal Rd8d1]} 36. Bd7+ Ke5 $1 37. Qf7 {Intending Qe6+ and mate.} Qc6 {[%mdl 64] Pin} 38. Rg8 $1 {[%cal Rg8e8] [#] Re8+ is the strong threat.} Kf4 $2 {[%mdl 8192]} (38... Rxd7 $1 $11 39. Rxd7 Bd6) 39. Rf1+ {Accuracy: White = 90%, Black = 63%.} 1-0